| 000 | 00538cam a22002291 4500 | ||
|---|---|---|---|
| 001 | sa 64001827 | ||
| 003 | DLC | ||
| 005 | 20260227112005.0 | ||
| 008 | 940426s1962 ii 000 1 kanr | ||
| 010 | _asa 64001827 | ||
| 025 | _aPL480:I-Kan-64 | ||
| 035 | _a(OCoLC)30334216 | ||
| 040 |
_aDLC _cCU _dCU _dDLC |
||
| 042 | _apremarc | ||
| 050 | 0 | 0 |
_aPL4659.R33 _bK25 |
| 100 | 1 | _aRamamurti, M. | |
| 245 | 1 | 0 | _aKaikoṭṭa prēmapatra. |
| 260 | _c[1962] | ||
| 300 |
_a160 p. _c18 cm. |
||
| 500 | _aIn Kannada. | ||
| 500 | _aA novel. | ||
| 999 |
_c56964 _d56964 |
||